000 00687cam a22002533a 4500
001 3230
003 PGUSA
005 20140828083029.0
008 020501s2002||||xxu|||||s|||||000 1 eng d
040 _aPGUSA
_beng
042 _adc
050 4 _aPZ
050 4 _aPS
100 1 _aPyle, Katharine,
_d1863-1938
245 1 4 _aThe Counterpane Fairy
_h[electronic resource] /
_cKatharine Pyle
260 _bProject Gutenberg,
_c2002
506 _aPublic domain in the USA.
516 _aElectronic text
653 _aChildren's stories
653 _aFairies -- Juvenile fiction
830 0 _aProject Gutenberg
_v3230
856 4 0 _uhttp://www.gutenberg.org/ebooks/3230
942 _cEB
999 _c232559
_d232559